Nationale 2, clubs de la saison 2022-2023. - Statistiques

Statistiques générales
  • Ce quiz a été pris 91 fois
  • Le résultat moyen est 13 sur 24
Statistiques - réponses
Classement Fédérale 1 2022 Clubs % Correct
14e (Nationale) Stade dijonnais
72%
2e poule 4 RC Auch
72%
1er poule 3 RC Nîmes
69%
5e poule 2 Stade métropolitain
63%
3e poule 4 Saint-Jean-de-Luz olympique
63%
1er poule 1 CA Périgueux
63%
3e poule 2 CS Vienne
63%
2e poule 1 Niort RC
59%
13e (Nationale) RC Aubenas
56%
2e poule 2 RCS Rumilly
56%
6e poule 2 US seynoise
53%
7e poule 1 RC bassin d'Arcachon
53%
3e poule 1 CM Floirac
50%
7e poule 2 AS Bédarrides Châteauneuf-du-Pape
50%
4e poule 2 AS Mâcon
50%
3e poule 3 US Marmande
50%
6e poule 1 Olympique marcquois rugby
47%
5e poule 1 Limoges rugby
47%
1er poule 4 AS Fleurance
47%
4e poule 4 US Tyrosse
47%
4e poule 3 SC Graulhet
38%
5e poule 4 CA Lannemezan
38%
2e poule 3 SC Pamiers
38%
5e poule 3 US Saint-Sulpice
22%
Aucun quiz correspondant
Distribution des résultats
% des personnes avec chaque résultat
Percentile par nombre de réponses
Votre historique - résultats
Vous n’avez pas pris ce quiz